[Event "Leipzig VfB op 24th"]
[Site "Leipzig"]
[Date "2017.03.25"]
[Round "7"]
[White "Hofmann, Helge"]
[Black "Nitsche, Nikolai"]
[Result "1/2-1/2"]
[WhiteElo "1729"]
[BlackElo "1293"]
[PlyCount "64"]
[EventDate "2017.03.21"]
[EventType "swiss"]
[EventRounds "9"]
[EventCountry "GER"]
[SourceTitle "EXT 2018"]
[Source "ChessBase"]
[SourceDate "2017.10.13"]
[SourceVersion "1"]
[SourceVersionDate "2017.10.13"]
[SourceQuality "1"]

1. d4 d5 2. Nf3 Bf5 3. c4 e6 4. Nc3 c6 5. e3 Nf6 6. Bd3 Bg6 7. a3 Bd6 8. c5 Bc7 9. b4 Nbd7 10. Bb2 e5 11. dxe5 Nxe5 12. Be2 Nxf3+ 13. Bxf3 0-0 14. Ne2 Ne4 15. Qd4 f6 16. Bxe4 Bxe4 17. 0-0 Be5 18. Qd2 Qc7 19. f4 Bxb2 20. Qxb2 Rfe8 21. Qd4 Qf7 22. a4 Qg6 23. Rf2 Re7 24. Ng3 f5 25. b5 Rc8 26. Rb2 Qe8 27. Ra3 Rec7 28. b6 axb6 29. Rxb6 Ra8 30. Qb2 Qe7 31. Qb4 g6 32. a5 Ra6 1/2-1/2

[Event "Leipzig VfB op 22nd"]
[Site "Leipzig"]
[Date "2015.03.04"]
[Round "2"]
[White "Barisch, Florian"]
[Black "Hofmann, Helge"]
[Result "1-0"]
[WhiteElo "1918"]
[BlackElo "1787"]
[PlyCount "65"]
[EventDate "2015.03.03"]
[EventType "swiss"]
[EventRounds "9"]
[EventCountry "GER"]
[SourceTitle "EXT 2016"]
[Source "ChessBase"]
[SourceDate "2015.10.08"]
[SourceVersion "1"]
[SourceVersionDate "2015.10.08"]
[SourceQuality "1"]

1. d4 d5 2. Bf4 c6 3. Nf3 Qb6 4. Qc1 Bf5 5. e3 Nf6 6. Be2 Nbd7 7. 0-0 e6 8. c4 dxc4 9. Nbd2 c3 10. bxc3 c5 11. Nc4 Qc6 12. Nce5 Qb6 13. Nc4 Qc6 14. Nfe5 Nxe5 15. Nxe5 Qb6 16. Nc4 Qc6 17. Qb2 Be7 18. Nd6+ Kf8 19. Nxf5 exf5 20. Rab1 b6 21. Rfd1 Rd8 22. c4 Bd6 23. dxc5 Qxc5 24. Bg5 Be7 25. Rxd8+ Bxd8 26. Rd1 Be7 27. Qd2 Qc7 28. Qd4 Ke8 29. Bd3 h6 30. Bf4 Qc8 31. Bc2 Bd8 32. Ba4+ Ke7 33. Qd6# 1-0

[Event "Leipzig VfB op 21st"]
[Site "Leipzig"]
[Date "2014.03.05"]
[Round "2"]
[White "Hofmann, Helge"]
[Black "Vorreiter, Heiko"]
[Result "1-0"]
[WhiteElo "1823"]
[BlackElo "1550"]
[PlyCount "41"]
[EventDate "2014.03.04"]
[EventType "tourn"]
[EventRounds "9"]
[EventCountry "GER"]
[SourceTitle "CBM 159 Extra"]
[Source "ChessBase"]
[SourceDate "2014.04.24"]
[SourceVersion "1"]
[SourceVersionDate "2014.04.24"]
[SourceQuality "1"]

1. e4 e6 2. d4 d5 3. Nc3 c6 4. Bd3 Bb4 5. Nge2 dxe4 6. Bxe4 Nf6 7. Bd3 Nd5 8. 0-0 Nd7 9. Ne4 h6 10. c3 Be7 11. N2g3 N7f6 12. Re1 Qc7 13. Nxf6+ Nxf6 14. Ne4 b6 15. c4 Bb7 16. Be3 Rd8 17. Qe2 c5 18. d5 exd5 19. Nxf6+ gxf6 20. Bf4 Qd7 21. Bf5 1-0

[Event "Leipzig VfB op 13th"]
[Site "Leipzig"]
[Date "2006.03.15"]
[Round "2"]
[White "Hofmann, Helge"]
[Black "Dargel, Manuel"]
[Result "0-1"]
[WhiteElo "1649"]
[BlackElo "2108"]
[PlyCount "88"]
[EventDate "2006.03.14"]
[EventType "swiss"]
[EventRounds "9"]
[EventCountry "GER"]
[SourceTitle "EXT 2008"]
[Source "ChessBase"]
[SourceDate "2007.11.25"]
[SourceVersion "1"]
[SourceVersionDate "2007.11.25"]
[SourceQuality "1"]

1. e4 c5 2. Nc3 Nc6 3. g3 g6 4. Bg2 Bg7 5. Nge2 e6 6. d3 Nge7 7. 0-0 0-0 8. Be3 d6 9. Qd2 b6 10. d4 Ba6 11. Rfd1 Na5 12. b3 Qc7 13. e5 Rad8 14. exd6 Rxd6 15. Ne4 Rd7 16. Bh6 Bxe2 17. Bxg7 Kxg7 18. Qxe2 cxd4 19. c4 h6 20. c5 Nac6 21. Rac1 Rc8 22. Nd6 Rb8 23. Nb5 Qd8 24. b4 bxc5 25. Rxc5 a6 26. Bxc6 Nxc6 27. Rxc6 axb5 28. Qe5+ Kh7 29. Rd3 Rd5 30. Qc7 Kg7 31. Qxd8 Rbxd8 32. f4 R8d6 33. Rc2 f6 34. Rc7+ Rd7 35. Rc2 e5 36. fxe5 fxe5 37. Kf2 e4 38. Ra3 Rf7+ 39. Ke1 d3 40. Rd2 Rdf5 41. Rg2 Rc7 42. Rd2 Rc6 43. Ra7+ Kf6 44. a4 Rd6 0-1

[Event "Leipzig VfB op 13th"]
[Site "Leipzig"]
[Date "2006.03.14"]
[Round "1"]
[White "Filipiak, Thomas"]
[Black "Hofmann, Helge"]
[Result "1/2-1/2"]
[WhiteElo "2107"]
[BlackElo "1649"]
[PlyCount "45"]
[EventDate "2006.03.14"]
[EventType "swiss"]
[EventRounds "9"]
[EventCountry "GER"]
[SourceTitle "EXT 2008"]
[Source "ChessBase"]
[SourceDate "2007.11.25"]
[SourceVersion "1"]
[SourceVersionDate "2007.11.25"]
[SourceQuality "1"]

1. d4 Nf6 2. Nc3 d5 3. e4 dxe4 4. f3 exf3 5. Nxf3 Bg4 6. h3 Bf5 7. Bc4 e6 8. 0-0 c6 9. Bg5 Be7 10. Qe1 Nbd7 11. Rd1 Nd5 12. Bxe7 Qxe7 13. Bxd5 cxd5 14. Nh4 Bg6 15. Qg3 Rg8 16. Rde1 Qb4 17. Nxg6 Qxd4+ 18. Kh1 hxg6 19. a3 Nf6 20. Re2 Qc4 21. Ref2 d4 22. Rxf6 gxf6 23. Rxf6 1/2-1/2

[Event "Leipzig VfB op 10th"]
[Site "Leipzig"]
[Date "2003.03.15"]
[Round "7"]
[White "Hofmann, Helge"]
[Black "Mueller, Peter"]
[Result "1-0"]
[WhiteElo "1665"]
[BlackElo "1434"]
[PlyCount "66"]
[EventDate "2003.03.11"]
[EventType "swiss"]
[EventRounds "9"]
[EventCountry "GER"]
[SourceTitle "EXT 2008"]
[Source "ChessBase"]
[SourceDate "2007.11.25"]
[SourceVersion "1"]
[SourceVersionDate "2007.11.25"]
[SourceQuality "1"]

1. e4 e5 2. Nf3 Nc6 3. Bb5 a6 4. Bxc6 dxc6 5. 0-0 Bg4 6. h3 Bxf3 7. Qxf3 Qf6 8. Qe3 Bd6 9. d3 b6 10. Nd2 Ne7 11. Nc4 Bc5 12. Qe2 Ng6 13. g3 0-0-0 14. Rb1 h5 15. b4 Bd4 16. Bd2 b5 17. Na5 Kb8 18. Be3 h4 19. Kg2 hxg3 20. fxg3 Qe6 21. Rh1 Rh7 22. Bxd4 exd4 23. Qf3 Rdh8 24. Qf5 Qxf5 25. exf5 Ne7 26. g4 Ka7 27. Rbe1 Nd5 28. Nxc6+ Kb6 29. Nxd4 Nxb4 30. a3 Nd5 31. Kg3 g6 32. fxg6 fxg6 33. Re6+ Ka5 1-0

[Event "Leipzig VfB op 10th"]
[Site "Leipzig"]
[Date "2003.03.13"]
[Round "4"]
[White "Hasenclever, Leonard"]
[Black "Hofmann, Helge"]
[Result "1-0"]
[WhiteElo "1231"]
[BlackElo "1665"]
[PlyCount "59"]
[EventDate "2003.03.11"]
[EventType "swiss"]
[EventRounds "9"]
[EventCountry "GER"]
[SourceTitle "EXT 2008"]
[Source "ChessBase"]
[SourceDate "2007.11.25"]
[SourceVersion "1"]
[SourceVersionDate "2007.11.25"]
[SourceQuality "1"]

1. e4 e5 2. Nf3 Nc6 3. d4 exd4 4. Bc4 Be7 5. c3 d3 6. Qxd3 d6 7. Qd5 Be6 8. Qd3 Bxc4 9. Qxc4 Ne5 10. Nxe5 dxe5 11. 0-0 c6 12. Nd2 Qb6 13. Nf3 Bf6 14. Bg5 Ne7 15. Rfd1 Rd8 16. Be3 Qc7 17. Rxd8+ Qxd8 18. Bxa7 0-0 19. Bc5 Re8 20. Qb3 Qc8 21. Rd1 Ng6 22. h3 Nf4 23. Nd2 g5 24. Nc4 Qe6 25. Rd6 Qe7 26. Rxc6 bxc6 27. Bxe7 Rxe7 28. Ne3 Ne6 29. a4 Nc5 30. Qb8+ 1-0

[Event "Leipzig VfB op 10th"]
[Site "Leipzig"]
[Date "2003.03.12"]
[Round "2"]
[White "Graf, Linda"]
[Black "Hofmann, Helge"]
[Result "0-1"]
[WhiteElo "1180"]
[BlackElo "1665"]
[PlyCount "44"]
[EventDate "2003.03.11"]
[EventType "swiss"]
[EventRounds "9"]
[EventCountry "GER"]
[SourceTitle "EXT 2008"]
[Source "ChessBase"]
[SourceDate "2007.11.25"]
[SourceVersion "1"]
[SourceVersionDate "2007.11.25"]
[SourceQuality "1"]

1. d4 d5 2. e3 Nf6 3. Nc3 Nbd7 4. Nf3 e6 5. Bd2 c5 6. Bd3 c4 7. Be2 a6 8. 0-0 b5 9. a3 Bd6 10. Ng5 h6 11. Nh3 e5 12. f3 Qc7 13. dxe5 Nxe5 14. f4 Nc6 15. Bf3 Bxh3 16. gxh3 Ne7 17. Be1 Bc5 18. Bf2 Rd8 19. Re1 Ne4 20. Bh4 g5 21. Bg3 gxf4 22. Bxf4 Qxf4 0-1